000 00183nam a22000977a 4500
020 _a9788124118689
082 _aK800
245 _aTHE ALIENS ARE AMONG US
300 _a24P
942 _cBK
999 _c1966
_d1966